|
|
|
|
| LEADER |
00000nam a2200000 a 4500 |
| 001 |
vtls001455156 |
| 003 |
SK-MaSNL |
| 005 |
20260301121453.0 |
| 008 |
251113s2003 xo a g 0010yyslo |
| 015 |
|
|
|a SNBA2003/08-02662
|
| 020 |
|
|
|a 8071456500
|
| 035 |
|
|
|a SNK000410463
|
| 040 |
|
|
|a SNK
|b slo
|c SNK
|e AACR2
|
| 041 |
0 |
|
|a slo
|
| 044 |
|
|
|a xo
|c SK
|
| 072 |
|
7 |
|a 658
|x Riadenie a správa podniku
|2 konspekt
|
| 080 |
|
|
|a 658.8(035)
|2 2. slo
|
| 080 |
|
|
|a 658.8
|2 1981
|
| 080 |
|
|
|a (035)
|2 1981
|
| 100 |
1 |
|
|a Ali, Moi
|4 aut
|9 465632
|
| 240 |
1 |
0 |
|a Marketing effectively
|l Slovensky
|
| 245 |
1 |
0 |
|a Efektívny marketing
|c Moi Ali ; [z anglického originálu preložila Jana Melcerová]
|
| 250 |
|
|
|a 1. slov. vyd.
|
| 260 |
|
|
|a Bratislava
|b Slovart
|c 2003
|
| 300 |
|
|
|a 72 s.
|b fareb. fotogr., sch.
|c 19 cm
|
| 490 |
1 |
|
|a Základy manažmentu
|
| 500 |
|
|
|a Fareb. fotogr. na tit. strane
|
| 504 |
|
|
|a Reg.
|
| 650 |
0 |
7 |
|a marketing
|x príručky
|2 SNK
|9 380179
|
| 650 |
0 |
7 |
|a marketing
|2 SNK
|9 2299
|
| 655 |
|
7 |
|a príručky
|2 SNK
|9 74364
|
| 655 |
|
7 |
|a príručky
|2 SNK
|9 74364
|
| 700 |
1 |
|
|a Melcerová, Jana
|4 trl
|9 179344
|
| 730 |
|
|
|t Marketing effectively
|9 465633
|
| 830 |
|
0 |
|a Základy manažmentu
|9 301135
|
| 919 |
|
|
|a 80-7145-650-0
|
| 958 |
|
|
|a OP
|
| 958 |
|
|
|a NS
|
| 968 |
|
|
|b ENG
|d 65
|
| 999 |
|
|
|c 729521
|d 731451
|
| 952 |
|
|
|t P60, <03>, [BOOK], {603}
|a SNK
|b SNK
|y PREZ
|7 0
|p 17A0387201
|o snkSD 73011
|i snkKSP 7304/2003
|0 0
|1 0
|4 0
|d 2003-06-12
|l 0
|r 2025-11-20 00:00:00
|w 2026-02-23
|
| 952 |
|
|
|t P60, <04>, [BOOK], {604}
|a SNK
|b SNK
|y VYP
|7 0
|p 17A0387200
|o snkSD 73011 D1
|i snkKSP 7305/2003
|0 0
|1 0
|4 0
|d 2003-06-12
|l 0
|r 2005-01-02 00:00:00
|w 2026-02-23
|